000 00779nam0a22002651 4500
001 RU\NLR\A2V16\22345
005 20251203171251.9
035 _a(NLR Aleph) 009825404
090 _a10260366
_c10260366
100 _a20010122d1553 u y0rusy50 ca
101 0 _ager
102 _aRU
200 1 _aEine Predigt über die Wort S. Pauli zum Römern am 8.
210 _aKönigsperg in Pr. [Kaliningrad]
_d1553
215 _d
605 _aBiblia
_iN.T.
_iEpistolae
_iPaulus ad Romanos
620 _dKaliningrad
700 1 _aOsiander
_bA.
_csen.
_f1498-1552
_gAndreas
_4070
801 0 _aRU
_bNLR
_c20010122
852 _aNLR
_j17.123.1.211
942 _cBOOK
980 _aNB
980 _ain16